000 00472nam a2200181Ia 4500
005 20250508150314.0
008 008 250505s9999 xx 000 0 eng d
037 _aTextual
040 _aFEDL
_beng
_cFEDL
041 _aeng
_2eng
084 _a793, POW
_qFEDL
100 _aPowers Margaret
_9756352
245 0 _aParty table
260 _aPeoria
_bThe Manual Arts Press
_c1946
300 _a167p.
942 _cTEXL
_h793, POW
999 _c1322897
_d1322897